| 000 | 00639nam a2200241Ia 4500 | ||
|---|---|---|---|
| 005 | 20260430150526.0 | ||
| 008 | 008 250103s9999 xx 000 0 eng d | ||
| 037 | _aTheses | ||
| 040 | _aCRL | ||
| 040 | _beng | ||
| 040 | _ceng | ||
| 041 | _2eng | ||
| 041 | _aeng | ||
| 084 | _qCRL | ||
| 100 |
_aIrshad Ahmad Au.; Sajid Hussain Gu. _91237755 |
||
| 245 | 0 | _aUnnisween sadi ke nasri Farsi Shahkaron ke Urdu tarajim: ek mutala | |
| 260 | _c2023 | ||
| 300 | _a242p. | ||
| 650 | _aTranslating And Interpreting | ||
| 700 | _aUniversity of Delhi. Faculty of Arts. Department of Urdu | ||
| 942 | _cTH | ||
| 999 |
_c1849994 _d1849994 |
||